Europe and the crisis in central america and the caribbean. Europa angesichts der krise in zentralamerika und der karibik /

Salvato in:
Dettagli Bibliografici
Autore principale: Renate, Rausch
Ente Autore: ASECCA
Altri autori: ed.
Natura: testo
Pubblicazione: s.l: Institut Fur Sociologie
Tags: Aggiungi Tag
Nessun Tag, puoi essere il primo ad aggiungerne!!

MARC

LEADER 00000 a a2200000 04500
001 23067
003
040
090 |a 159000  
100 |a Renate, Rausch  
110 |a ASECCA  
245 |a Europe and the crisis in central america and the caribbean. Europa angesichts der krise in zentralamerika und der karibik /  |c Rausch Renate 
260 |a s.l:   |b Institut Fur Sociologie  
300 |a 415 p   |b **no definido**  
700 |a ed.  
999 |c 9250  |d 9250